• 首页
  • 本馆介绍
  • 公告通知
  • 最新文献
  • 馆藏检索
  • 电子资源
  • 读者导购
  • 参考咨询
  • 我的图书馆
  • 登录
  • 详细信息显示
  • 放入我的书架
  • 预约/预借图书
  • 作者相关作品
  • 分类相关作品
  • 丛书相关作品
  • 出版社相关作品

书目信息

  • 表格格式
  • 工作单格式
  • 卡片格式
题名:
社会责任视角下丝绸之路经济带环境信息披露研究
    
 
作者: 王小红 著
分册:  
出版信息: 北京   中国纺织出版社  2018.6
页数: 242页
开本: 24cm
丛书名:
单 册:
中图分类: X322.2 , F279.23
科图分类:
主题词: 企业环境管理--环境会计--会计信息--研究--中国
电子资源:
ISBN: 978-7-5180-5186-1
000 01119nam0 2200229 450
001 5536
005 20181016105637.91
010    @a978-7-5180-5186-1@dCNY88.00
100    @a20180705d2018 em y0chiy0110 ea
101 0  @achi
102    @aCN@b110000
105    @ay z 000yy
200 1  @a社会责任视角下丝绸之路经济带环境信息披露研究@9she hui ze ren shi jiao xia si chou zhi lu jing ji dai huan jing xin xi pi lu yan jiu@f王小红著
210    @a北京@c中国纺织出版社@d2018.6
215    @a242页@d24cm
330    @a本书在综述环境会计信息披露文献的基础上,首先分析了丝绸之路经济带实施环境会计存在的问题及原因,对丝绸之路经济带实施环境会计中存在问题的原因进行了深入的剖析;其次对丝绸之路经济带中西北五省区特别是重点区域陕西省,进行了历史性的实证研究与回顾;而后从年报和社会责任报告视角分别分析了丝绸之路经济带环境会计信息披露的现状,即从西北五省和西南四省上市公司环境会计信息披露的内容及方式方面进行了重点分析。
606 0  @a企业环境管理@x环境会计@x会计信息@x研究@y中国
690    @aX322.2@v5
690    @aF279.23@v5
701  0 @a王小红@9wang xiao hong@4著
801  0 @aCN@b91CIP@c20180705
905    @aMuseLib@dX322.2@e271
    
    社会责任视角下丝绸之路经济带环境信息披露研究/王小红著.-北京:中国纺织出版社,2018.6
    242页;24cm
    
    
    ISBN 978-7-5180-5186-1:CNY88.00
    本书在综述环境会计信息披露文献的基础上,首先分析了丝绸之路经济带实施环境会计存在的问题及原因,对丝绸之路经济带实施环境会计中存在问题的原因进行了深入的剖析;其次对丝绸之路经济带中西北五省区特别是重点区域陕西省,进行了历史性的实证研究与回顾;而后从年报和社会责任报告视角分别分析了丝绸之路经济带环境会计信息披露的现状,即从西北五省和西南四省上市公司环境会计信息披露的内容及方式方面进行了重点分析。
●
相关链接 在E读中查询图书 在五车中查询图书 在当当中查询图书 在豆瓣中查询图书


正题名:社会责任视角下丝绸之路经济带环境信息披露研究     索取号:X322.2/271         预约/预借

序号 登录号 条形码 馆藏地/架位号 状态 备注
1 1130190   211301900   第二样本阅览室/ [索取号:X322.2/271] 在馆    
2 1130191   211301919   密集书库-资源管理系/ [索取号:X322.2/271] 在馆    
3 1130192   211301928   第三借阅区/ [索取号:X322.2/271] 在馆    
4 1130193   211301937   第三借阅区/ [索取号:X322.2/271] 在馆    
5 1130194   211301946   第三借阅区/ [索取号:X322.2/271] 在馆    
唐山师范学院图书馆 欢迎您!
大连网信软件有限公司© 版权所有